000 00820nas a2200253 454500
001 44457
005 20260407193511.0
008 260407s2003####ag###########|||spa#d
003 AR-UNSa-BCEJYS
040 _aAR-UNSa-BCEJYS
_bspa
_cAR-UNSa-BCEJYS
080 _a282
_xIglesia Católica Romana
245 1 0 _aBoletín eclesiástico de la Arquidiócesis de Salta
264 1 _aSalta :
_bArzobispado de Salta
_c2003
310 _aFrecuencia: Anual
041 _aspa
942 _cSER
590 _aniveau_biblio:s niveau_hierar:1
100 1 _aIglesia Católica. Arzobispado de Salta
650 _aReligión
650 _aSalta
650 _aIGLESIA CATÓLICA
650 _aDOCUMENTOS DE LA IGLESIA CATÓLICA
856 4 1 _uhttps://www.biblioeco.unsa.edu.ar/pmb/images/revistas/R21481.jpg
_yImagen de portada
_qimage/jpeg
999 _c8924
_d8924